[Event "Tashkent Hokim Cup 4th"]
[Site "Tashkent"]
[Date "2012.08.02"]
[Round "5"]
[White "Kasyan, Aleksandr"]
[Black "Yakubov, Mardon"]
[Result "1-0"]
[WhiteElo "2339"]
[BlackElo "2124"]
[PlyCount "55"]
[EventDate "2012.07.29"]
[EventType "swiss"]
[EventRounds "9"]
[EventCountry "UZB"]
[SourceTitle "EXT 2024"]
[Source "ChessBase"]
[SourceDate "2023.10.10"]
[SourceVersion "1"]
[SourceVersionDate "2023.10.10"]
[SourceQuality "1"]

1. d4 Nf6 2. c4 c5 3. d5 b5 4. Nf3 g6 5. Qc2 bxc4 6. e4 Bg7 7. Bxc4 0-0 8. 0-0 d6 9. a4 Na6 10. h3 Rb8 11. Nc3 Qa5 12. e5 dxe5 13. Nxe5 Nb4 14. Qe2 Bb7 15. Bg5 Rbd8 16. Ng4 Nbxd5 17. Bxd5 Bxd5 18. Nh6+ Kh8 19. Qxe7 Ng8 20. Nxg8 Kxg8 21. Rad1 Rde8 22. Qd6 Bc4 23. Rfe1 Rxe1+ 24. Rxe1 Qb6 25. Qf4 Qxb2 26. Ne4 Qd4 27. Bf6 Re8 28. Bxd4 1-0